000 00779nam a2200289Ia 4500
005 20260324120305.0
008 008 260324s9999 xx 000 0 eng d
020 _a9781003445388
037 _aEBOOK
040 _aCRL
040 _beng
040 _cCRL
041 _2eng
041 _aeng
084 _qCRL
100 _aFanta Aw; Chris R. Glass; Stephanie Buus; Rachawan Wongtrirat
_91157980
245 0 _aInternational Student Engagement
245 0 _bStrategies for Creating Inclusive, Connected, and Purposeful Campus Environments
260 _bTaylor and Francis
260 _c2015
365 _a
365 _b230
856 _uhttp://www.taylorfrancis.com/books/9781003445388
942 _cEBOOK
999 _c1749436
_d1749436